Baltics... or Balkans - Statistics

General Stats
  • This quiz has been taken 1,058 times
    1,046 since last reset
  • The average score is 9 of 15
Answer Stats
Question Answer % Correct
Has a higher population Balkans
94%
Borders the Adriatic sea Balkans
90%
Consists mostly of Slavic countries Balkans
87%
Has a higher GDP per capita Baltics
85%
Was controlled by a communist state at one point Both
75%
Last place to be Christianized Baltics
68%
Known for fossilized tree resin Baltics
59%
Has a mountain Balkans
52%
Has a larger lake Baltics
52%
Has a country that has legalised same-sex marriage Both
50%
Has held land in the Caribbean Baltics
49%
Had a country join NATO first Balkans
42%
Has over a million people who speak an Uralic language Both
40%
Has hosted an Olympic event Both
30%
Has high-speed rail Balkans
13%
No matching quizzes found
Score Distribution
Percent of People with Each Score
Percentile by Number Answered
Your Score History
You have not taken this quiz since the last reset